000 00739nam a2200253Ia 4500
003 OSt
005 20220930204256.0
006 a|||||r|||| 00| 0
007 ta
008 220926b |||||||| |||| 00| 0 hin d
024 _a91115
037 _cDissertations
040 _aCRL
_cCRL
_bhin
041 _2hin
_ahin
100 _aMeena Rakesh Kumar
_9566793
110 _aUniversity of Delhi. Faculty of Arts. Department of Hindi
245 0 _aSoordas ke bhramar geet mein nagar aur gram ka dwand
260 _c2007
300 _a125p
_ccm.
650 _aHINDI LITERATURE
_923866
700 _aUniversity of Delhi. Faculty of Arts. Department of Hindi
942 _cDIS
_2CC
999 _c905821
_d905821